000 00560nam a2200169Ia 4500
008 090201s9999 xx 000 0 und d
010 _aKPL-24227
040 _bमराठी
041 _aमराठी
082 _a44088
_b24227
100 _aप्रभाकर वैद्य
245 _aवल्लभभाई पटेल
_cप्रभाकर वैद्य
260 _c2005
_bअभिनव प्रकाशन पुणे
300 _a384
_bमोठा
600 _aवल्लभभाई पटेल
942 _cBOOK
999 _c241120
_d241120